Vplyv pandémie na vysoké školstvo

Defínicia pojmu učenie. Učenie a výučba v online prostredí. Situácia s COVID-19 v Európe.

Salvato in:
Dettagli Bibliografici
Autore principale: Schmidt, Peter, 1968-
Altri autori: Bandurič, Igor, 1980-, Horniaková, Veronika, 1990-
Natura: Capitolo di libro
Lingua:slovacco
Soggetti:
Tags: Aggiungi Tag
Nessun Tag, puoi essere il primo ad aggiungerne!!

MARC

LEADER 00000naa a2200000 4500
001 0280581
005 20240502074344.7
041 0 |a slo 
044 |a SK 
245 1 0 |a Vplyv pandémie na vysoké školstvo  |c Peter Schmidt, Igor Bandurič, Veronika Horniaková 
520 |a Defínicia pojmu učenie. Učenie a výučba v online prostredí. Situácia s COVID-19 v Európe. 
610 2 0 |a vzdelávanie elektronické 
610 2 0 |a školy vysoké 
610 2 0 |a univerzity 
610 2 0 |a kreativita 
610 2 0 |a koronavírus 
100 1 |a Schmidt, Peter, 1968- 
700 1 |a Bandurič, Igor, 1980- 
700 1 |a Horniaková, Veronika, 1990-